LIBRARY & INFORMATION CENTRE, KCAET, TAVANUR

ONLINE PUBLIC ACCESS CATALOGUE (OPAC)

Fundamentals of structural analysis / (Record no. 10267)

MARC details
000 -LEADER
fixed length control field 00438cam a2200169ua 4500
003 - CONTROL NUMBER IDENTIFIER
control field OSt
008 - FIXED-LENGTH DATA ELEMENTS--GENERAL INFORMATION
fixed length control field 250610b |||||||| |||| 00| 0 eng d
041 ## - LANGUAGE CODE
Language code of text/sound track or separate title eng
082 ## - DEWEY DECIMAL CLASSIFICATION NUMBER
Classification number 624.171
Item number JAK/FU
100 ## - MAIN ENTRY--AUTHOR NAME
Personal name Jakkula, A A .
245 ## - TITLE STATEMENT
Title Fundamentals of structural analysis /
250 ## - EDITION STATEMENT
Edition statement 1 /
260 ## - PUBLICATION, DISTRIBUTION, ETC. (IMPRINT)
Place of publication New Jersy :
Name of publisher D.Van Nostrand Co. ,
Year of publication 1953.
300 ## - PHYSICAL DESCRIPTION
Number of Pages 288 ; .
700 1# - ADDED ENTRY--PERSONAL NAME
Personal name Stephenson, Henson K .
942 ## - ADDED ENTRY ELEMENTS (KOHA)
Koha item type Books
Holdings
Withdrawn status Lost status Damaged status Home library Current library Date acquired Full call number Accession Number Koha item type
      KAUAET KAUAET 07/04/2012 624.171 JAK/FU 5970 Books
free website counter